000 00879cab a2200289 4500
001 ABS57772
008 090401t1997 xxu||||| |||| 00| 0 eng d
035 _a(Sirsi) u81515
041 _aeng
100 _aWalter, P.
245 _aPremature possession
260 _c1997
350 _a0
490 _aNew Law Journal
_v147(6811) 10 October 1997, 1471-1472(2)
520 _aLooks at how first principles still stand when it comes to premature possession.
650 _aASSURED SHORTHOLD TENANCIES
650 _aASSURED TENANCIES
650 _aGROUNDS FOR POSSESSION
650 _aHOUSING ACT 1985
650 _aHOUSING ACT 1988
650 _aPOSSESSION PROCEEDINGS
650 _aRENT ACTS
650 _aSECURE TENANCIES
690 _aPROPERTY-RESIDENTIAL PROPERTY-RESIDENTIAL LANDLORD AND TENANT-RESIDENTIAL TENANCIES
942 _n0
948 _c17/10/1997
999 _c51357
_d51357